=LDR 00000nam 2200000 4500 =001 INLIS000000000043554 =990 ##$$a 10606123 =990 ##$$a 10606123 =005 20210211020330 =990 ##$$a 30701696 =990 ##$$a 30701696 =035 ##$$a 0010-101300000001476 =990 ##$$a 40600199 =990 ##$$a 40600199 =008 210211################g##########0#ind## =041 ##$$a ind =082 ##$$a 336.2 =090 ##$$a 357.724, Bud p =100 #$$a Budiono, B =245 1#$$a Pelayanan prima perpajakan /$c Drs.B.Budiono, M.Si =260 ##$$a Jakarta :$b Rineka Cipta,$c 2003 =300 ##$$a xvi, 160 hlm ; $c 21x14 cm =650 #4$$a Pajak dan perpajakan-cara pemungutan =850 ##$$a NBPNMAT =020 ##$$a 979-518-870-4 =084 ##$$a 336.2 BUD p =250 ##$$a cet.2 =990 ##$$a 90260/BPAP-NTB/2014 =990 ##$$a 0001/BPAP-NTB/2016 =990 ##$$a 40600199 =990 ##$$a 90260/BPAP-NTB/2014 =990 ##$$a 10606123 =990 ##$$a 40600199 =990 ##$$a 30701696 =990 ##$$a 10606123 =990 ##$$a 40600199 =990 ##$$a 10606123 =990 ##$$a 30701696 =990 ##$$a 40600199 =990 ##$$a 10606123 =990 ##$$a 30701696 =990 ##$$a 40600199 =990 ##$$a 10606123 =990 ##$$a 30701696 =990 ##$$a 40600199 =990 ##$$a 40600199 =990 ##$$a 30701696 =990 ##$$a 10606123